00329nam a22001337a 4500003000400000020001800004082001200022100002000034245002300054260005200077300000800129650002100137653003700158SGT a9788175812901 a823.912 aDR. DEEPA SETHI aHEART OF DARKNESS  aNEW DELHI bRAMA BROTHERS INDIA PVT. LTD.c2008 a118 aENGLISH FICTION  aBIOGRAPHICAL NOTE, OUTLINE STORY